<?xml version="1.0" encoding="UTF-8"?>
<record
    xmlns:xsi="http://www.w3.org/2001/XMLSchema-instance"
    xsi:schemaLocation="http://www.loc.gov/MARC21/slim http://www.loc.gov/standards/marcxml/schema/MARC21slim.xsd"
    xmlns="http://www.loc.gov/MARC21/slim">

  <leader>00434nam a22001697a 4500</leader>
  <controlfield tag="005">20180703120747.0</controlfield>
  <controlfield tag="008">160611b        xxu||||| |||| 00| 0 eng d</controlfield>
  <datafield tag="020" ind1=" " ind2=" ">
    <subfield code="a">978-81-315-0029-3</subfield>
  </datafield>
  <datafield tag="041" ind1=" " ind2=" ">
    <subfield code="a">eng</subfield>
  </datafield>
  <datafield tag="082" ind1=" " ind2=" ">
    <subfield code="b">6857</subfield>
    <subfield code="a">658</subfield>
  </datafield>
  <datafield tag="100" ind1=" " ind2=" ">
    <subfield code="a">Zikmund, William G.</subfield>
    <subfield code="9">4435</subfield>
  </datafield>
  <datafield tag="245" ind1=" " ind2=" ">
    <subfield code="a">Business Research Methods.</subfield>
  </datafield>
  <datafield tag="260" ind1=" " ind2=" ">
    <subfield code="a">New Delhi</subfield>
    <subfield code="b">Congage Learning India Pvt. Ltd. </subfield>
  </datafield>
  <datafield tag="300" ind1=" " ind2=" ">
    <subfield code="a">712p,</subfield>
  </datafield>
  <datafield tag="650" ind1=" " ind2=" ">
    <subfield code="a">Management</subfield>
    <subfield code="9">241</subfield>
  </datafield>
  <datafield tag="942" ind1=" " ind2=" ">
    <subfield code="c">BK</subfield>
  </datafield>
  <datafield tag="999" ind1=" " ind2=" ">
    <subfield code="c">2391</subfield>
    <subfield code="d">2390</subfield>
  </datafield>
  <datafield tag="952" ind1=" " ind2=" ">
    <subfield code="0">0</subfield>
    <subfield code="1">0</subfield>
    <subfield code="4">0</subfield>
    <subfield code="7">0</subfield>
    <subfield code="8">MANAGEMENT</subfield>
    <subfield code="a">JRU</subfield>
    <subfield code="b">JRU</subfield>
    <subfield code="c">SHELF-63-H</subfield>
    <subfield code="d">2016-06-11</subfield>
    <subfield code="e">PURCHASE</subfield>
    <subfield code="l">1</subfield>
    <subfield code="o">658.0072</subfield>
    <subfield code="p">6857</subfield>
    <subfield code="r">2020-07-30 00:00:00</subfield>
    <subfield code="s">2020-01-07</subfield>
    <subfield code="w">2016-06-11</subfield>
    <subfield code="y">BK</subfield>
  </datafield>
  <datafield tag="952" ind1=" " ind2=" ">
    <subfield code="0">0</subfield>
    <subfield code="1">0</subfield>
    <subfield code="4">0</subfield>
    <subfield code="7">0</subfield>
    <subfield code="8">MANAGEMENT</subfield>
    <subfield code="a">JRU</subfield>
    <subfield code="b">JRU</subfield>
    <subfield code="c">SHELF-40-N</subfield>
    <subfield code="d">2016-06-11</subfield>
    <subfield code="e">PURCHASE</subfield>
    <subfield code="l">0</subfield>
    <subfield code="o">658.0072</subfield>
    <subfield code="p">6858</subfield>
    <subfield code="r">2016-06-11 00:00:00</subfield>
    <subfield code="w">2016-06-11</subfield>
    <subfield code="y">BK</subfield>
  </datafield>
  <datafield tag="952" ind1=" " ind2=" ">
    <subfield code="0">0</subfield>
    <subfield code="1">0</subfield>
    <subfield code="4">0</subfield>
    <subfield code="7">0</subfield>
    <subfield code="8">MANAGEMENT</subfield>
    <subfield code="a">JRU</subfield>
    <subfield code="b">JRU</subfield>
    <subfield code="c">SHELF-63-H</subfield>
    <subfield code="d">2016-06-11</subfield>
    <subfield code="e">PURCHASE</subfield>
    <subfield code="l">0</subfield>
    <subfield code="o">658.0072</subfield>
    <subfield code="p">6859</subfield>
    <subfield code="r">2016-06-11 00:00:00</subfield>
    <subfield code="w">2016-06-11</subfield>
    <subfield code="y">BK</subfield>
  </datafield>
  <datafield tag="952" ind1=" " ind2=" ">
    <subfield code="0">0</subfield>
    <subfield code="1">0</subfield>
    <subfield code="4">0</subfield>
    <subfield code="7">0</subfield>
    <subfield code="8">MANAGEMENT</subfield>
    <subfield code="a">JRU</subfield>
    <subfield code="b">JRU</subfield>
    <subfield code="c">SHELF-63-I</subfield>
    <subfield code="d">2016-06-11</subfield>
    <subfield code="l">0</subfield>
    <subfield code="o">658.0072</subfield>
    <subfield code="p">6860</subfield>
    <subfield code="r">2016-06-11 00:00:00</subfield>
    <subfield code="w">2016-06-11</subfield>
    <subfield code="y">BK</subfield>
  </datafield>
  <datafield tag="952" ind1=" " ind2=" ">
    <subfield code="0">0</subfield>
    <subfield code="1">0</subfield>
    <subfield code="4">0</subfield>
    <subfield code="7">0</subfield>
    <subfield code="8">MANAGEMENT</subfield>
    <subfield code="a">JRU</subfield>
    <subfield code="b">JRU</subfield>
    <subfield code="c">SHELF-63-I</subfield>
    <subfield code="d">2016-06-11</subfield>
    <subfield code="l">0</subfield>
    <subfield code="o">658.0072</subfield>
    <subfield code="p">6861</subfield>
    <subfield code="r">2016-06-11 00:00:00</subfield>
    <subfield code="w">2016-06-11</subfield>
    <subfield code="y">BK</subfield>
  </datafield>
  <datafield tag="952" ind1=" " ind2=" ">
    <subfield code="0">0</subfield>
    <subfield code="1">0</subfield>
    <subfield code="4">0</subfield>
    <subfield code="7">0</subfield>
    <subfield code="8">MANAGEMENT</subfield>
    <subfield code="a">JRU</subfield>
    <subfield code="b">JRU</subfield>
    <subfield code="c">SHELF-63-I</subfield>
    <subfield code="d">2016-06-11</subfield>
    <subfield code="l">0</subfield>
    <subfield code="o">658.0072</subfield>
    <subfield code="p">6862</subfield>
    <subfield code="r">2016-06-11 00:00:00</subfield>
    <subfield code="w">2016-06-11</subfield>
    <subfield code="y">BK</subfield>
  </datafield>
  <datafield tag="952" ind1=" " ind2=" ">
    <subfield code="0">0</subfield>
    <subfield code="1">0</subfield>
    <subfield code="4">0</subfield>
    <subfield code="7">0</subfield>
    <subfield code="8">MANAGEMENT</subfield>
    <subfield code="a">JRU</subfield>
    <subfield code="b">JRU</subfield>
    <subfield code="c">SHELF-63-I</subfield>
    <subfield code="d">2016-06-11</subfield>
    <subfield code="l">0</subfield>
    <subfield code="o">658.0072</subfield>
    <subfield code="p">6863</subfield>
    <subfield code="r">2016-06-11 00:00:00</subfield>
    <subfield code="w">2016-06-11</subfield>
    <subfield code="y">BK</subfield>
  </datafield>
  <datafield tag="952" ind1=" " ind2=" ">
    <subfield code="0">0</subfield>
    <subfield code="1">0</subfield>
    <subfield code="4">0</subfield>
    <subfield code="7">0</subfield>
    <subfield code="8">MANAGEMENT</subfield>
    <subfield code="a">JRU</subfield>
    <subfield code="b">JRU</subfield>
    <subfield code="c">SHELF-40-M</subfield>
    <subfield code="d">2016-06-11</subfield>
    <subfield code="e">PURCHASE</subfield>
    <subfield code="l">0</subfield>
    <subfield code="o">658.0072</subfield>
    <subfield code="p">6864</subfield>
    <subfield code="r">2016-06-11 00:00:00</subfield>
    <subfield code="w">2016-06-11</subfield>
    <subfield code="y">BK</subfield>
  </datafield>
  <datafield tag="952" ind1=" " ind2=" ">
    <subfield code="0">0</subfield>
    <subfield code="1">0</subfield>
    <subfield code="4">0</subfield>
    <subfield code="7">0</subfield>
    <subfield code="8">MANAGEMENT</subfield>
    <subfield code="a">JRU</subfield>
    <subfield code="b">JRU</subfield>
    <subfield code="c">SHELF-63-I</subfield>
    <subfield code="d">2016-06-11</subfield>
    <subfield code="l">0</subfield>
    <subfield code="o">658.0072</subfield>
    <subfield code="p">6865</subfield>
    <subfield code="r">2016-06-11 00:00:00</subfield>
    <subfield code="w">2016-06-11</subfield>
    <subfield code="y">BK</subfield>
  </datafield>
  <datafield tag="952" ind1=" " ind2=" ">
    <subfield code="0">0</subfield>
    <subfield code="1">0</subfield>
    <subfield code="4">0</subfield>
    <subfield code="7">0</subfield>
    <subfield code="8">REF</subfield>
    <subfield code="a">JRU</subfield>
    <subfield code="b">MAIN</subfield>
    <subfield code="c">SHELF-30-E</subfield>
    <subfield code="d">2016-06-11</subfield>
    <subfield code="l">0</subfield>
    <subfield code="o">658.0072</subfield>
    <subfield code="p">6866</subfield>
    <subfield code="r">2016-06-11 00:00:00</subfield>
    <subfield code="w">2016-06-11</subfield>
    <subfield code="y">BK</subfield>
  </datafield>
</record>
